Plant clinic handbook / (Record no. 4331)
[ view plain ]
| 000 -LEADER | |
|---|---|
| fixed length control field | 01382cam a2200337 a 4500 |
| 001 - CONTROL NUMBER | |
| control field | 1182862 |
| 003 - CONTROL NUMBER IDENTIFIER | |
| control field | OSt |
| 005 - DATE AND TIME OF LATEST TRANSACTION | |
| control field | 20160610160739.0 |
| 008 - FIXED-LENGTH DATA ELEMENTS--GENERAL INFORMATION | |
| fixed length control field | 971021s1998 enka bf 001 0 eng |
| 010 ## - LIBRARY OF CONGRESS CONTROL NUMBER | |
| LC control number | 97043255 |
| 020 ## - INTERNATIONAL STANDARD BOOK NUMBER | |
| International Standard Book Number | 0851989187 (soft : alk. paper) |
| 040 ## - CATALOGING SOURCE | |
| Original cataloging agency | DLC |
| Transcribing agency | DLC |
| Modifying agency | DLC |
| 050 00 - LIBRARY OF CONGRESS CALL NUMBER | |
| Classification number | SB731 |
| Item number | .W24 1998 |
| 082 00 - DEWEY DECIMAL CLASSIFICATION NUMBER | |
| Classification number | QW 25 |
| Item number | W17p 1998 |
| 100 1# - MAIN ENTRY--PERSONAL NAME | |
| Personal name | Waller, J. M. |
| 9 (RLIN) | 9349 |
| 245 10 - TITLE STATEMENT | |
| Title | Plant clinic handbook / |
| Statement of responsibility, etc. | J.M. Waller, B.J. Ritchie, and M. Holderness. |
| 260 ## - PUBLICATION, DISTRIBUTION, ETC. (IMPRINT) | |
| Place of publication, distribution, etc. | Oxon ; |
| -- | New York, N.Y. : |
| Name of publisher, distributor, etc. | CAB International, |
| Date of publication, distribution, etc. | 1998. |
| 300 ## - PHYSICAL DESCRIPTION | |
| Extent | viii, 94 p. : |
| Other physical details | ill. ; |
| Dimensions | 25 cm. |
| 490 1# - SERIES STATEMENT | |
| Series statement | IMI technical handbook ; |
| Volume/sequential designation | no. 3 |
| 504 ## - BIBLIOGRAPHY, ETC. NOTE | |
| Bibliography, etc | Includes bibliographical references (p. 87-91) and index. |
| 650 #0 - SUBJECT ADDED ENTRY--TOPICAL TERM | |
| Topical term or geographic name as entry element | Plant diseases |
| General subdivision | Diagnosis |
| -- | Laboratory manuals. |
| 9 (RLIN) | 9350 |
| 650 #0 - SUBJECT ADDED ENTRY--TOPICAL TERM | |
| Topical term or geographic name as entry element | Plant clinics |
| General subdivision | Laboratory manuals. |
| 9 (RLIN) | 9351 |
| 700 1# - ADDED ENTRY--PERSONAL NAME | |
| Personal name | Ritchie, B. J. |
| 9 (RLIN) | 9352 |
| 700 1# - ADDED ENTRY--PERSONAL NAME | |
| Personal name | Holderness, M. |
| 9 (RLIN) | 9353 |
| 830 #0 - SERIES ADDED ENTRY--UNIFORM TITLE | |
| Uniform title | IMI technical handbooks ; |
| Volume number/sequential designation | no. 3. |
| 9 (RLIN) | 9354 |
| 856 42 - ELECTRONIC LOCATION AND ACCESS | |
| Materials specified | Publisher description |
| Uniform Resource Identifier | http://www.loc.gov/catdir/enhancements/fy0605/97043255-d.html |
| 856 41 - ELECTRONIC LOCATION AND ACCESS | |
| Materials specified | Table of contents only |
| Uniform Resource Identifier | http://www.loc.gov/catdir/enhancements/fy0605/97043255-t.html |
| 906 ## - LOCAL DATA ELEMENT F, LDF (RLIN) | |
| a | 7 |
| b | cbc |
| c | orignew |
| d | 1 |
| e | ocip |
| f | 19 |
| g | y-gencatlg |
| 942 ## - ADDED ENTRY ELEMENTS (KOHA) | |
| Source of classification or shelving scheme | Dewey Decimal Classification |
| Koha item type | Open Shelf |
| Withdrawn status | Lost status | Source of classification or shelving scheme | Damaged status | Not for loan | Home library | Current library | Date acquired | Inventory number | Total Checkouts | Full call number | Barcode | Date last seen | Price effective from | Koha item type |
|---|---|---|---|---|---|---|---|---|---|---|---|---|---|---|
| Dewey Decimal Classification | MUST Main Library | MUST Main Library | 10/06/2016 | 2003/18072 | QW 25 W17p 1998 | 2016-2430 | 10/06/2016 | 10/06/2016 | Open Shelf | |||||
| Dewey Decimal Classification | MUST Main Library | MUST Main Library | 10/06/2016 | 2003/18076 | QW 25 W17p 1998 | 2016-2431 | 10/06/2016 | 10/06/2016 | Open Shelf | |||||
| Dewey Decimal Classification | MUST Main Library | MUST Main Library | 10/06/2016 | 2003/18074 | QW 25 W17p 1998 | 2016-2432 | 10/06/2016 | 10/06/2016 | Open Shelf | |||||
| Dewey Decimal Classification | MUST Main Library | MUST Main Library | 10/06/2016 | 2003/18073 | QW 25 W17p 1998 | 2016-2433 | 10/06/2016 | 10/06/2016 | Open Shelf |
